| 000 | 00887cab a2200277 4500 | ||
|---|---|---|---|
| 001 | ABS53534 | ||
| 008 | 090401t1995 xxu||||| |||| 00| 0 eng d | ||
| 035 | _a(Sirsi) u4970 | ||
| 041 | _aeng | ||
| 100 | _aKlein, R. | ||
| 245 | _aPutting the certainty into construction | ||
| 260 | _c1995 | ||
| 350 | _a0 | ||
| 490 |
_aContract Journal _v380(6024) 14 September 1995, 24-25(2) |
||
| 520 | _aPuts forward the case for ring fencing construction liability. Outlines the principles of ring fencing and refers to relevant case law. | ||
| 650 | _aCONSTRUCTION LIABILITY | ||
| 650 | _aD&F ESTATES V CHURCH COMMISSIONERS | ||
| 650 | _aHENDERSON V MERRETT | ||
| 650 | _aLATENT DAMAGE ACT 1986 | ||
| 650 | _aMURPHY V BRENTWOOD DC | ||
| 650 | _aRING FENCING | ||
| 650 | _aWHITE V JONES | ||
| 690 | _aBUILT ENVIRONMENT-BUILDING CONTRACT FORMS | ||
| 942 | _n0 | ||
| 948 | _c04/03/1997 | ||
| 999 |
_c2998 _d2998 |
||